| 000 | 01273nam a2200325 i 4500 | ||
|---|---|---|---|
| 003 | EG-GICUC | ||
| 005 | 20260121101326.0 | ||
| 008 | 251120s1987 ua ||||fr|||| 00| 0 ara d | ||
| 017 | _a87/2564 | ||
| 020 | _a9771033344 | ||
| 040 |
_a EG-GICUC _bara _c EG-GICUC _d EG-GICUC _erda |
||
| 041 | 0 | _aara | |
| 082 | 0 | 4 |
_221 _a345.25 |
| 092 | 0 | 4 | _221 |
| 099 | _aLaw1 07 345.25 م ص . إ 1987 | ||
| 100 | 0 |
_aمصطفى الجندي _eمؤلف. |
|
| 245 | 1 | 2 |
_aالإدارة المحلية واستراتيجياتها / _cتأليف مصطفى الجندي. |
| 264 | 1 |
_aالاسكندرية : _bمنشأة المعارف، _c1987. |
|
| 300 |
_a277 ؛ صفحة _c24 سم |
||
| 336 |
_2rda content _atext |
||
| 337 |
_2rda media _aComputer |
||
| 338 |
_2rda carrier _aOnline Resource |
||
| 505 | _aالجذور التاريخية - الفلسفة - الادارة المحلية والتنمية - استراتيجية جديدة لتقسيم الجمهورية الى اقاليم ادارية اقتصادية | ||
| 546 | _aالنص باللغة العربية | ||
| 650 | 1 | 4 | _aالقانون الإداري |
| 650 | 1 | 4 | _aالحكم المحلي |
| 856 | 4 | 0 | _uhttps://fll.law.cu.edu.eg/fulltext/bks/B07-00914.pdf |
| 905 |
_a30 _eHassnaa |
||
| 942 |
_2ddc _cBK _e21 _n0 |
||
| 999 |
_c44986 _d44986 |
||